Sports Quiz

Random Sports or Clickable Quiz

2012 NFL Draft Rounds 1 and 2 Quiz Stats

 Plays Quiz not verified by Sporcle

Score 0/63 Timer 10:00
0 Plays Today
% Correct
Andrew Luck
98.6%
Robert Griffin III
98.2%
Trent Richardson
96.8%
Matt Kalil
96.3%
Justin Blackmon
96.3%
Ryan Tannehill
95.4%
Morris Claiborne
94.5%
Luke Kuechly
93.2%
Dontari Poe
92.2%
Mark Barron
90.9%
Michael Floyd
90.4%
Fletcher Cox
90%
Brandon Weeden
90%
Stephon Gilmore
89.5%
Bruce Irvin
88.6%
Quinton Coples
87.7%
David DeCastro
87.2%
Michael Brockers
86.8%
Dont'a Hightower
85.8%
A.J. Jenkins
85.8%
Coby Fleener
85.8%
David Wilson
85.4%
Kendall Wright
84.9%
Dre Kirkpatrick
84.5%
Doug Martin
84.5%
Melvin Ingram
83.1%
Shea McClellin
82.6%
Chandler Jones
82.6%
Riley Reiff
82.6%
Harrison Smith
82.2%
Whitney Mercilus
81.7%
Nick Perry
81.7%
% Correct
Courtney Upshaw
80.8%
Brian Quick
74.4%
Kevin Zeitler
73.5%
Alshon Jeffery
70.8%
Brock Osweiler
69.4%
Stephen Hill
68%
Rueben Randle
66.7%
Janoris Jenkins
66.2%
LaMichael James
64.8%
Ryan Broyles
62.1%
Cordy Glenn
60.3%
Peter Konz
59.4%
Mike Adams
58.9%
Lavonte David
58.9%
Isaiah Pead
58.4%
Jonathan Martin
58%
Jerel Worthy
54.8%
Bobby Wagner
53.9%
Zach Brown
53.9%
Vinny Curry
53.9%
Derek Wolfe
52.5%
Casey Hayward
51.6%
Kelechi Osemele
51.1%
Tavon Wilson
50.7%
Mitchell Schwartz
50.2%
Amini Silatolu
49.3%
Devon Still
48.9%
Mychal Kendricks
46.1%
Andre Branch
44.7%
Jeff Allen
44.7%
Kendall Reyes
41.1%

You're not logged in!

Compare scores with friends on all Sporcle quizzes.
OR
Log In

You Might Also Like...

Show Comments

Extras

Top Quizzes Today


Score Distribution

Your Account Isn't Verified!

In order to create a playlist on Sporcle, you need to verify the email address you used during registration. Go to your Sporcle Settings to finish the process.

Report this User

Report this user for behavior that violates our Community Guidelines.

Details: